000
00295nam a2200121Ia 4500
005
20251222141909.0
008
251222s9999||||xx |||||||||||||| ||spa||
082
_a
150.194.3/M26
100
_a
Don Martindale
245
0
_a
Comunidad, carácter y civilización:
264
_b
Paidós
942
_c
LIB
999
_c
8321
_d
8321